• 首页
  • 本馆介绍
  • 公告通知
  • 最新文献
  • 馆藏检索
  • 电子资源
  • 读者导购
  • 参考咨询
  • 我的图书馆
  • 登录
  • 详细信息显示
  • 放入我的书架
  • 预约/预借图书
  • 作者相关作品
  • 分类相关作品
  • 丛书相关作品
  • 出版社相关作品

书目信息

  • 表格格式
  • 工作单格式
  • 卡片格式
题名:
旅顺大屠杀研究
    
 
作者: 关捷 总主编 ;王维远 , 杨惠萍 , 郭铁桩 , 郭铁桩 主编
分册:  
出版信息: 北京   社会科学文献出版社  2004
页数: 422页
开本: 22cm
丛书名: 中国社会科学院中日历史研究中心文库
单 册:
中图分类: K256.306
科图分类:
主题词: 中日甲午战争(1894~1895) , 侵华事件 , 中日甲午战争(1894~1895)--研究 , 侵华事件--日本--1894~1895--史料
电子资源:
ISBN: 7-80190-297-1
000 01596nam0 2200433 450
000 01559nam0 2200421 450
000 01474nam0 2200409 450
000 01437nam0 2200397 450
000 01455nam0 2200385 450
000 01418nam0 2200373 45
001 TS2006011193
005 20061211094015.87
010    @a7-80190-297-1@dCNY28.00
092    @aCN@bTS01-012025
100    @a20060829d2004 emky0chiy0110 ea
101 0  @achi
102    @aCN@b110000
105    @aa z 000yy
200 1  @a旅顺大屠杀研究@Alv shun da tu sha yan jiu@f关捷宗总主编@FGuan Jie Zong Zong Zhu Bian@g郭铁桩等主编@Gguo tie zhuang deng zhu bian
210    @a北京@c社会科学文献出版社@d2004
215    @a422页@c图@d22cm
225 2  @a中国社会科学院中日历史研究中心文库
330    @a本书着眼于1894年11月日军屠杀中国人民的试验场辽东半岛的小镇旅顺,论述侵华战争之前中日双方的国情、屠杀经过与历史启示等。
410  0 @12001 @a中国社会科学院中日历史研究中心文库
606 0  @a中日甲午战争(1894~1895)
606 0  @a侵华事件
606 0  @a中日甲午战争(1894~1895)@x研究
606 0  @a侵华事件@y日本@z1894~1895@x史料
690    @aK256.306@v4
700  0 @a李云波@ALi Yun Bo@4主编
701  0 @a关捷@Aguan jie@c(历史,@f1936.10~)@4总主编
702  0 @a王维远@AWang Wei Yuan@4主编
702  0 @a杨惠萍@AYang Hui Ping@4主编
702  0 @a郭铁桩@Aguo tie zhuang@4主编
702  0 @a郭铁桩@Aguo tie zhuang@4主编
801  0 @aCN@b中图数据@c20061211
905    @a10447@dK256.306@e41
    
    旅顺大屠杀研究/关捷宗总主编/郭铁桩等主编.-北京:社会科学文献出版社,2004
    422页:图;22cm.-(中国社会科学院中日历史研究中心文库)
    
    
    ISBN 7-80190-297-1:CNY28.00
    本书着眼于1894年11月日军屠杀中国人民的试验场辽东半岛的小镇旅顺,论述侵华战争之前中日双方的国情、屠杀经过与历史启示等。
●
相关链接 在E读中查询图书 在五车中查询图书 在当当中查询图书 在豆瓣中查询图书


正题名:旅顺大屠杀研究     索取号:K256.306/41         预约/预借

序号 登录号 条形码 馆藏地/架位号 状态 备注
1 0600149   206001495   第二样本阅览室/ [索取号:K256.306/41] 在馆    
2 0600150   206001501   第二借阅区/ [索取号:K256.306/41] 在馆    
3 0600151   206001510   第二借阅区/ [索取号:K256.306/41] 在馆    
4 0600152   206001529   第二借阅区/ [索取号:K256.306/41] 在馆    
5 0600153   206001538   第二借阅区/ [索取号:K256.306/41] 在馆    
唐山师范学院图书馆 欢迎您!
大连网信软件有限公司© 版权所有